| 000 | 00371nam a2200157Ia 4500 | ||
|---|---|---|---|
| 003 | OSt | ||
| 005 | 20240219152754.0 | ||
| 008 | 170523s9999 xx 000 0 und d | ||
| 020 | _a 978-0074620960 | ||
| 040 | _ciimt university meerut | ||
| 100 | _aBARUA- SAMIR K | ||
| 245 | 0 | _aPORTFOLIO MANAGEMENT | |
| 260 | _bTATA MC GRAW HILL | ||
| 260 | _c1999 | ||
| 942 |
_2ddc _c02 |
||
| 999 |
_c501 _d501 |
||